| 000 | 00743nam a2200169 a 4500 | ||
|---|---|---|---|
| 001 | 000042498 | ||
| 005 | 20201002040207.0 | ||
| 008 | 131204s1981 sp 000 0 spa d | ||
| 020 | _a8460023362 | ||
| 040 |
_aDO-SdBNP _bspa _cBNPHU |
||
| 100 | 1 |
_aEnciso, Pilar. _969694 |
|
| 245 | 1 | 0 |
_aAsamblea General y dos piezas mas : teatro para la infancia y la juventud = _bAsambrea Xeral e duas pezas mais : teatro para os menos e a mocedades / _cPilar Enciso y Lauro Olmo ; traducido al gallego por Daniel Cortezón. |
| 246 | 1 | 0 |
_aAsambrea Xeral e duas pezas mais : _bteatro para os menos e a mocedades |
| 260 |
_aMadrid : _bUniversidad Internacional Menéndez Pelayo, _c1981. |
||
| 700 | 1 |
_aOlmo, Lauro _946853 |
|
| 700 | 1 |
_aCortezón, Daniel _etr. _969695 |
|
| 999 |
_c41987 _d41987 |
||